000 00487nam a2200181Ia 4500
999 _c29544
_d29544
003 OSt
005 20201127123518.0
008 190216s9999||||xx |||||||||||||| ||und||
020 _a8171748244
040 _coclc
082 _a894.8123
_bBOS/K
100 _aBose, Batten
_96515
245 0 _aKolliyan /
_cBatten Bose
260 _bC I C C Book House,
_aKochi:
_c2007.
300 _a287p
650 _aNovel
942 _cBK
_2ddc
_h894.8123
_iBOS/K
_k894.8123
_mBOS/K